00580nam a2200169 i 450000100060000000300090000600500170001500700030003200800410003510000250007624500810010126000350018230000220021785200320023999900170027195201220028863113ES-MaACL20230906164805.0t|031128s1968 sp ||||1| spa d1 aFerny, Peter.95021513aLa tragedia de los Kennedy / cPeter Ferny ; [versión española, J.F.Y.]. aBarcelona : bEdisven, c1968. a239 p. ; c18 cm. aES-MaACLjC-34870 bR.67609 c63113d63113 00104070aATENEOMbATENEOMcDEPO2d2008-01-17eSCl0oC-34870p1066161r2023-02-23 00:00:00w2023-02-23yMONOGRAFIA